000 04063cam a2201789 4500
003 PE-LiUPU
005 20250813165932.0
020 _a8473564553
035 _a(Sirsi) i9788473564557
035 _a(Sirsi) 51198
035 _a(Sirsi) 51198
041 _aes
044 _aes
082 0 4 _a658.8
_bM74
100 1 _aMolero, Víctor
245 _aGeneración Marketin :
_bla sociedad entre la codicia y la indolencia /
_cVíctor Molero.
264 1 _aPozuelo de Alarcón (Madrid) :
_bEsic,
_c2006
300 _a355 páginas :
_bilustraciones ;
_c24 cm.
490 0 _aLibros profesionales de empresa)
505 0 _aMercado, Trabajo, Familia -- En la coctelera -- Un bazar planetario -- Competitividad sin límites -- Del corazón al escaparate -- Trabajar para ser. Extensión de la jornada laboral -- Solos, estresados y huérfanos. Escasez de tiempo para la
526 _aP203
526 _aP200
526 _aSEG65
526 _aSEG64
526 _aSEG63
526 _aSEG62
526 _aSEG61
526 _aSEG60
526 _aSEG59
526 _aSEG58
526 _aSEG57
526 _aSEG56
526 _aSEG55
526 _aSEG54
526 _aSEG53
526 _aSEG52
526 _aSEG51
526 _aSEG50
526 _aSEG49
526 _aSEG48
526 _aSEG47
526 _aSEG46
526 _aSEG24
526 _aSEG23
526 _aSEG22
526 _aSEG21
526 _aSEG20
526 _aSEG19
526 _aSEG18
526 _aSEG17
526 _aSEG16
526 _aSEG14
526 _aSEG13
526 _aSEG12
526 _aSEG11
526 _aSEG10
526 _aSEG09
526 _aSEG06
526 _aSEG05
526 _aSEG04
526 _aSEG03
526 _aSEG02
526 _aSEG68
526 _aSEG66
526 _aSEG45
526 _aSEG25
526 _aSEG01
526 _aP163
526 _aP162
526 _aP161
526 _aP160
526 _aP159
526 _aP158
526 _aP157
526 _aP156
526 _aP155
526 _aP154
526 _aP153
526 _aP152
526 _aP151
526 _aP150
526 _aP149
526 _aP142
526 _aP141
526 _aP140
526 _aP139
526 _aP138
526 _aP137
526 _aP132
526 _aP131
526 _aP130
526 _aP126
526 _aP125
526 _aP124
526 _aP123
526 _aP115
526 _aP122
526 _aP121
526 _aP116
526 _a P114
526 _aP112
526 _aP111
526 _aP104
526 _aP103
526 _aP102
526 _aP101
526 _aP100
526 _aP96
526 _aP95
526 _aP93
526 _aP92
526 _aP91
526 _aP88
526 _aP83
526 _aP82
526 _aP79
526 _aP78
526 _aP75
526 _aP74
526 _aP71
526 _aP69
526 _a P51
526 _aP49
526 _aP48
526 _aP47
526 _aP33
526 _aP31
526 _a P30
526 _aP29
526 _aP27
526 _aP26
526 _aP25
526 _aP24
526 _a P22
526 _aP10
526 _aP09
526 _a P08
526 _aP06
526 _aP05
526 _aP04
526 _aP01
650 1 4 _aMercadeo
_xAspectos sociales
650 1 4 _aConsumo (Economía)
_xAspectos sociales
700 1 _aMayor Zaragoza, Federico
_epról.
859 _q68101
_h658.8
_iM74
910 _agl
_b
_cng
_d20130717
942 _2ddc
_cBOOK
949 _a658.8 M74
_i68101
_lCCODEBUL1
_mBUL
_tLIBRO
_o.STAFF. Colección General
596 _a1
999 _a658.8 M74
_wDEWEY
_c55541
_i68101
_d55541
_e2019-4-24
_f2021-11-8
_g6
_lCCODEBUL1
_mBUL
_n3
_p20.00
_r0
_sY
_tBOOK
_u2015-7-6
_xFCE
_PP04
_0COMPRA
_o.STAFF. Colección General
980 _81
_gALBERTO SANCHEZ Responsable de Automatización